| 000 | 00558nam a2200205Ia 4500 | ||
|---|---|---|---|
| 003 | OSt | ||
| 005 | 20260226153733.0 | ||
| 008 | 210210b1955 xxu||||| |||| 00| 0 eng d | ||
| 040 | _cAL | ||
| 041 | _aHindi | ||
| 082 | _a861/58 | ||
| 100 |
_aGUPTA (Maithilisharan) _dगुप्त (मैथिलीशरण) _9256894 |
||
| 245 |
_aKunal geeth _bकुणाल गीत |
||
| 260 |
_aChirganv _bSahity Sadhan _c1955 |
||
| 650 |
_aKunal _9256895 |
||
| 650 |
_ageeth _9256896 |
||
| 690 |
_aHindi Poetry _9256897 |
||
| 906 | _a023079 | ||
| 942 |
_2ddc _cBK |
||
| 999 |
_c147967 _d147967 |
||